[Event "AUT-chT 1314"]
[Site "Austria"]
[Date "2014.02.02"]
[Round "7.4"]
[White "Anegg, Richard"]
[Black "Lehner, Oliver"]
[Result "0-1"]
[WhiteElo "1960"]
[BlackElo "2458"]
[PlyCount "54"]
[EventDate "2013.12.06"]
[EventType "team-tourn"]
[EventRounds "11"]
[EventCountry "AUT"]
[SourceTitle "CBM 158 Extra"]
[Source "ChessBase"]
[SourceDate "2014.02.28"]
[SourceVersion "1"]
[SourceVersionDate "2014.02.28"]
[SourceQuality "1"]
[WhiteTeam "Absam"]
[BlackTeam "Jenbach"]
[WhiteTeamCountry "AUT"]
[BlackTeamCountry "AUT"]

1. d4 Nf6 2. c4 e6 3. Nc3 Bb4 4. e3 0-0 5. Bd3 d5 6. Nf3 c5 7. 0-0 Nc6 8. cxd5 exd5 9. h3 c4 10. Bc2 Re8 11. a3 Ba5 12. Ne2 b5 13. Bd2 Bc7 14. b3 Ne4 15. Nc3 a6 16. bxc4 bxc4 17. Nxe4 dxe4 18. Ne1 Re6 19. f4 Nxd4 20. Bc3 Nf5 21. Qxd8+ Bxd8 22. Bd4 Nxd4 23. exd4 Bb6 24. Rd1 e3 25. Rf3 Bb7 26. Rg3 e2 27. Rd2 Ba5 0-1

[Event "AUT-chT2W 9798"]
[Site "Austria"]
[Date "1997.??.??"]
[Round "2"]
[White "Schiestl, Josef"]
[Black "Anegg, Richard"]
[Result "1/2-1/2"]
[WhiteElo "2190"]
[BlackElo "1900"]
[PlyCount "52"]
[EventDate "1997.??.??"]
[EventType "team"]
[EventRounds "11"]
[EventCountry "AUT"]
[SourceTitle "EXT 1999"]
[Source "ChessBase"]
[SourceDate "1998.11.16"]
[SourceVersion "1"]
[SourceVersionDate "1998.11.16"]
[SourceQuality "1"]

1. e4 c5 2. Nf3 d6 3. d4 cxd4 4. Nxd4 Nf6 5. Nc3 e6 6. Bc4 a6 7. Bb3 Qc7 8. Be3 Bd7 9. g4 h6 10. f4 Nc6 11. g5 Nxd4 12. Bxd4 hxg5 13. fxg5 Nh5 14. Qf3 Be7 15. h4 f6 16. 0-0-0 0-0-0 17. Qe3 Rde8 18. Bb6 Qb8 19. Na4 d5 20. Qc3+ Bc6 21. exd5 exd5 22. Be3 Qe5 23. Nb6+ Kb8 24. Qd2 Bb4 25. Qxb4 Qxe3+ 26. Kb1 Qf4 1/2-1/2